Swiss cities - Sudden Death - Statistics

General Stats
  • This quiz has been taken 454 times
  • The average score is 15 of 25
Answers on the Grid
Answers color-coded by a green-red scale on the quiz's grid according to % correct below.
Bern
Zurich
Horgen
Aarau
Baar
Bellinzona
Sienna
Buchs
Geneva
Freiburg
Horw
Kriens
Küsnacht
Lausanne
Lugano
Luzern
Basel
Liesthal
Neuchatel
Ostermundigen
Schaffhausen
Schwyz
Solothurn
Thun
Winterthur
Zug
Munchen
Passau
Athens
Barcelona
Gex
Chambéry
Brégenz
Jollikon
Mulhausen
Porthur
 
Answer Stats
Answer % Correct
Zurich
82%
Geneva
81%
Bern
80%
Basel
78%
Lausanne
76%
Luzern
75%
Lugano
71%
Thun
68%
Zug
68%
Aarau
67%
Schaffhausen
67%
Winterthur
67%
Neuchatel
64%
Schwyz
61%
Solothurn
60%
Bellinzona
56%
Freiburg
51%
Küsnacht
44%
Liesthal
42%
Kriens
41%
Baar
38%
Buchs
38%
Horgen
31%
Ostermundigen
30%
Horw
24%
No matching quizzes found
Score Distribution
Percent of People with Each Score
Percentile by Number Answered
Your Score History
You have not taken this quiz